| 000 -ლიდერი |
| ფიქსირებული სიგრძის საკონტროლო ველი |
01665nam a2200253Ia 4500 |
| 001 - საკონტროლო ნომერი |
| საკონტროლო ველი |
22119 |
| 003 - საკონტროლო ნომრის იდენტიფიკატორი |
| საკონტროლო ველი |
GE_BSU |
| 005 - ბოლო ოპერაციის თარიღი და დრო |
| საკონტროლო ველი |
20221221161617.0 |
| 008 - ფიქსირებული სიგრძის მონაცემთა ელემენტები - ზოგადი ინფორმაცია |
| ფიქსირებული სიგრძის საკონტროლო ველი |
181216s2018||||ge |||||||||||||| ||geo|| |
| 040 ## - კატალოგიზაციის წყარო |
| Transcribing agency |
GE_BSU |
| 041 ## - ენის კოდი |
| Language code of text/sound track or separate title |
geo |
| 080 ## - უნივერსალური ათობითი კლასიფიკაციის ინდექსი |
| Universal Decimal Classification number |
33 ბ-52 |
| 100 ## - მთავარი ჩანაწერი - პიროვნების სახელი |
| Personal name |
ბერიძე, ნათია |
| 9 (RLIN) |
5440 |
| 245 ## - ცნობა სათაურის შესახებ |
| Title |
ინტერენეტ მარკენტინგის განვითარების თავისებურებები საქართველოში:პრობლემები და პერსპექტივები / |
| Statement of responsibility, etc |
ნათია ბერიძე; სამეცნიერო ხელმძღვანელი გელა მამულაძე; ბათუმის შოთა რუსთაველის სახელმწიფო უნ-ტი. |
| 264 ## - წარმოების, გამოცემის, დისტრიბუციის და სხვა ცნობები |
| გამოცემის, წარმოების, დისტრიბუციის... ადგილი |
ბათუმი |
| გამოცემის, წარმოების, დისტრიბუციის... თარიღი |
2018 |
| 300 ## - ფიზიკური აღწერა |
| Extent |
164 გვ.: |
| Other physical details |
ცხრ; |
| Dimensions |
29 სმ. |
| 300 ## - ფიზიკური აღწერა |
| Other physical details |
ბიბლიოგრ.გვ:146-159 |
| 653 ## - INDEX TERM--UNCONTROLLED |
| Uncontrolled term |
დისერტაცია |
| 653 ## - INDEX TERM--UNCONTROLLED |
| Uncontrolled term |
ეკონომიკა |
| 653 ## - INDEX TERM--UNCONTROLLED |
| Uncontrolled term |
ინტერენეტ მარკენტინგის განვითარების თავისებურებები საქართველოში:პრობლემები და პერსპექტივები |
| 700 ## - ADDED ENTRY--PERSONAL NAME |
| Personal name |
მამულაძე, გელა |
| Relator term |
სამეცნიერო ხელმძღვანელი |
| 9 (RLIN) |
11760 |
| 710 ## - ADDED ENTRY--CORPORATE NAME |
| Corporate name or jurisdiction name as entry element |
ბათუმის შოთა რუსთაველის სახელმწიფო უნივერსიტეტი |
| 9 (RLIN) |
11761 |
| 942 ## - ADDED ENTRY ELEMENTS (KOHA) |
| Koha item type |
დისერტაცია |
| Source of classification or shelving scheme |
|